Vietnam : (Registro nro. 39432)
[ vista simple ]
| 000 -CABECERA | |
|---|---|
| campo de control de longitud fija | 00428nam a2200145 a 4500 |
| 001 - NÚMERO DE CONTROL | |
| campo de control | 000039942 |
| 005 - FECHA Y HORA DE LA ÚLTIMA TRANSACCIÓN | |
| campo de control | 20201002033825.0 |
| 008 - DATOS DE LONGITUD FIJA--INFORMACIÓN GENERAL | |
| campo de control de longitud fija | 130731s1968 xxu 000 0 spa d |
| 040 ## - FUENTE DE LA CATALOGACIÓN | |
| Centro catalogador/agencia de origen | DO-SdBNP |
| Lengua de catalogación | spa |
| Centro/agencia transcriptor | BNPHU |
| 082 ## - NÚMERO DE LA CLASIFICACIÓN DECIMAL DEWEY | |
| Número de clasificación | xxx |
| 100 1# - ENTRADA PRINCIPAL--NOMBRE DE PERSONA | |
| Nombre de persona | Schoenbrun, David |
| 9 (RLIN) | 66156 |
| 245 10 - MENCIÓN DE TÍTULO | |
| Título | Vietnam : |
| Resto del título | how we got in how to get out / |
| Mención de responsabilidad, etc. | David Schoenbrun. |
| 260 ## - PUBLICACIÓN, DISTRIBUCIÓN, ETC. | |
| Lugar de publicación, distribución, etc. | New York, Estados Unidos : |
| Nombre del editor, distribuidor, etc. | Atheneum, |
| Fecha de publicación, distribución, etc. | 1968. |
| 300 ## - DESCRIPCIÓN FÍSICA | |
| Extensión | 214 p. ; |
| Dimensiones | 21 cm. |
| Estado de retiro | Estado de pérdida | Restricciones de uso | No para préstamo | Código de colección | Localización permanente | Ubicación/localización actual | Ubicación en estantería | Fecha de adquisición | Número de inventario | Total de préstamos | Signatura topográfica completa | Código de barras | Fecha visto por última vez | Precio válido a partir de | Tipo de ítem Koha |
|---|---|---|---|---|---|---|---|---|---|---|---|---|---|---|---|
| Monografías: Libros y Folletos | General | General | Orden iniciada | 31.07.2013 | LF1 | xxx | 39942-10 | 25.06.2020 | 25.06.2020 | No se presta |
